000 00834nam a22002295i 4500
001 167697
003 ES-MaACL
005 20230906213557.0
008 940206s1869 sp |||| | lat d
040 _aCAM
_bspa
100 1 _aVirgilio Marón, Publio.
_9115452
245 1 0 _aP. Virgilii Maronis Opera omnia
_b: = Obras completas de P. Virgilio Marón /
_ctraducidas al castellano por Eugenio de Ochoa.
260 _aMadrid :
_b[s.n.],
_c1869 (
_fM. Rivadeneyra)
300 _aXXXV, 816 p., [1] h. de lam. ;
_c22 cm.
596 _aMarca tip. en port.
599 _aLa h. de lam.: Retr. de Virgilio.
700 1 1 _aOchoa, Eugenio de,
_etrad.
_986476
700 1 1 _aRivadeneyra, Manuel,
_eimp.
_9131854
740 1 0 _aObras completas de P. Virgilio Marón.
740 0 _aOpera omnia.
852 _aES-MaACL
_jB-3607
_z-- Enc. hol.
999 _c167697
_d167697